Urban governance and democracy : (Record no. 1783)

MARC details
000 -LEADER
fixed length control field 01071nam a2200265 a 4500
003 - CONTROL NUMBER IDENTIFIER
control field BD-DhJNU
005 - DATE AND TIME OF LATEST TRANSACTION
control field 20250617061730.0
008 - FIXED-LENGTH DATA ELEMENTS--GENERAL INFORMATION
fixed length control field 040302s2005 enka b 001 0 eng
020 ## - INTERNATIONAL STANDARD BOOK NUMBER
International Standard Book Number 0415343615
040 ## - CATALOGING SOURCE
Original cataloging agency BD-DhJNU
Language of cataloging ENG
Transcribing agency BD-DhJNU
Modifying agency BD-DhJNU
082 00 - DEWEY DECIMAL CLASSIFICATION NUMBER
Classification number 352.16 URB
Edition number 23
245 00 - TITLE STATEMENT
Title Urban governance and democracy :
Remainder of title leadership and community involvement /
Statement of responsibility, etc. edited by Michael Haus, Hubert Heinelt and Murray Stewart.
260 ## - PUBLICATION, DISTRIBUTION, ETC.
Place of publication, distribution, etc. London ;
-- New York :
Name of publisher, distributor, etc. Routledge,
Date of publication, distribution, etc. 2005.
300 ## - PHYSICAL DESCRIPTION
Extent viii, 257 p. :
Other physical details ill. ;
Dimensions 25 cm.
504 ## - BIBLIOGRAPHY, ETC. NOTE
Bibliography, etc. note Includes bibliographical references and index.
650 #0 - SUBJECT ADDED ENTRY--TOPICAL TERM
Topical term or geographic name entry element Municipal government
General subdivision Citizen participation.
650 #0 - SUBJECT ADDED ENTRY--TOPICAL TERM
Topical term or geographic name entry element Community development
Geographic subdivision OECD countries.
650 #0 - SUBJECT ADDED ENTRY--TOPICAL TERM
Topical term or geographic name entry element Public-private sector cooperation
Geographic subdivision OECD countries.
700 1# - ADDED ENTRY--PERSONAL NAME
Personal name Haus, Michael.
700 1# - ADDED ENTRY--PERSONAL NAME
Personal name Heinelt, Hubert.
700 1# - ADDED ENTRY--PERSONAL NAME
Personal name Stewart, Murray.
856 41 - ELECTRONIC LOCATION AND ACCESS
Materials specified Table of contents
Uniform Resource Identifier <a href="http://www.loc.gov/catdir/toc/ecip0416/2004004798.html">http://www.loc.gov/catdir/toc/ecip0416/2004004798.html</a>
856 42 - ELECTRONIC LOCATION AND ACCESS
Materials specified Publisher description
Uniform Resource Identifier <a href="http://www.loc.gov/catdir/enhancements/fy0701/2004004798-d.html">http://www.loc.gov/catdir/enhancements/fy0701/2004004798-d.html</a>
942 ## - ADDED ENTRY ELEMENTS (KOHA)
Koha item type Books
Holdings
Withdrawn status Lost status Source of classification or shelving scheme Damaged status Not for loan Collection Home library Current library Shelving location Date acquired Source of acquisition Total checkouts Full call number Barcode Date last seen Copy number Price effective from Koha item type
    Dewey Decimal Classification     Non-fiction Jagannath University Central Library Jagannath University Central Library General stacks 06/17/2025 Purchased   352.16 URB JNUCL35328 06/17/2025 1 06/17/2025 Books